Nové riadenie s novými kvótami (o aktuálnej reforme v Medzinárodnom menovom fonde)
G20 a IMFC ako hlavné katalyzátory reformy. Reforma z roku 2008. Členské kvóty a hlasovacie práva. Členské kvóty SR pred a po reforme. Základné pojmy o kvótach. Reforma kvót a Slovensko.
Saved in:
| Main Author: | |
|---|---|
| Other Authors: | |
| Format: | Book Chapter |
| Language: | Slovak |
| Subjects: | |
| Tags: |
No Tags, Be the first to tag this record!
|
MARC
| LEADER | 00000naa a2200000 4500 | ||
|---|---|---|---|
| 001 | 0127439 | ||
| 005 | 20231116090942.0 | ||
| 041 | 0 | |a slo | |
| 044 | |a SK | ||
| 245 | 1 | 0 | |a Nové riadenie s novými kvótami |b (o aktuálnej reforme v Medzinárodnom menovom fonde) |c Ján Maskaľ |
| 520 | |a G20 a IMFC ako hlavné katalyzátory reformy. Reforma z roku 2008. Členské kvóty a hlasovacie práva. Členské kvóty SR pred a po reforme. Základné pojmy o kvótach. Reforma kvót a Slovensko. | ||
| 610 | 2 | 0 | |a Medzinárodný menový fond |
| 610 | 2 | 0 | |a kríza finančná |
| 610 | 2 | 0 | |a reformy štruktúrne |
| 610 | 2 | 0 | |a kvóty |
| 610 | 2 | 0 | |a dohody medzinárodné |
| 610 | 2 | 0 | |a Slovensko |
| 100 | 1 | |a Maskaľ, Ján | |
| 700 | 1 | |a Országhová, Lucia, 1982- | |